Projektový manažment podľa Prince 2
Metodika projektového riadenia Prince2 (Projects in a Controlled Environment). Vymedzenie pojmu projekt, projektové riadenie. Stručný vznik metodiky Prince2. 7 princípov a 7 procesov Prince2.
Salvato in:
| Autore principale: | |
|---|---|
| Natura: | Capitolo di libro |
| Lingua: | slovacco |
| Soggetti: | |
| Tags: |
Nessun Tag, puoi essere il primo ad aggiungerne!!
|
MARC
| LEADER | 00000nla$a2200000$$$4500 | ||
|---|---|---|---|
| 001 | 0146840 | ||
| 005 | 20240502072643.0 | ||
| 041 | 0 | |a slo | |
| 044 | |a SK | ||
| 245 | 1 | 0 | |a Projektový manažment podľa Prince 2 |c Lucia Demjanová |
| 520 | |a Metodika projektového riadenia Prince2 (Projects in a Controlled Environment). Vymedzenie pojmu projekt, projektové riadenie. Stručný vznik metodiky Prince2. 7 princípov a 7 procesov Prince2. | ||
| 610 | 2 | 0 | |a riadenie projektové |
| 610 | 2 | 0 | |a procesy podnikové |
| 610 | 2 | 0 | |a manažment |
| 610 | 2 | 0 | |a projekty |
| 100 | 1 | |a Demjanová, Lucia, 1981- | |